[Event "ABC 2024 Utrecht, Groep A"]
[Site "Utrecht"]
[Date "2024.03.10"]
[Round "6.7"]
[White "Mulder, Lars"]
[Black "Van de Poel, Jona"]
[Result "0-1"]
[WhiteElo "1538"]
[BlackElo "1862"]

1. e4 {[%clk 00:55:17]} {[%emt 00:00:02]} c5 {[%clk 00:55:17]} {[%emt
00:00:03]} 2. Nf3 {[%clk 00:55:23]} {[%emt 00:00:04]} e6 {[%clk 00:55:24]}
{[%emt 00:00:03]} 3. d4 {[%clk 00:55:16]} {[%emt 00:00:18]} cxd4 {[%clk
00:55:27]} {[%emt 00:00:06]} 4. Nxd4 {[%clk 00:55:22]} {[%emt 00:00:04]} Nf6
{[%clk 00:55:31]} {[%emt 00:00:06]} 5. Nc3 {[%clk 00:55:15]} {[%emt 00:00:17]}
Nc6 {[%clk 00:55:36]} {[%emt 00:00:05]} 6. Bc4 {[%clk 00:53:25]} {[%emt
00:02:00]} Bb4 {[%clk 00:54:37]} {[%emt 00:01:09]} 7. Bg5 {[%clk 00:48:50]}
{[%emt 00:04:46]} Qa5 {[%clk 00:48:10]} {[%emt 00:06:36]} 8. Ndb5 {[%clk
00:31:00]} {[%emt 00:17:59]} Nxe4 {[%clk 00:40:13]} {[%emt 00:08:07]} 9. Bd2
{[%clk 00:29:22]} {[%emt 00:01:49]} Nxd2 {[%clk 00:39:03]} {[%emt 00:01:20]} 10.
Qxd2 {[%clk 00:28:26]} {[%emt 00:01:06]} d5 {[%clk 00:37:55]} {[%emt 00:01:18]}
11. Be2 {[%clk 00:24:35]} {[%emt 00:04:01]} a6 {[%clk 00:32:52]} {[%emt
00:05:13]} 12. Nd4 {[%clk 00:21:48]} {[%emt 00:02:57]} e5 {[%clk 00:22:56]}
{[%emt 00:10:05]} 13. Nb3 {[%clk 00:15:59]} {[%emt 00:05:59]} Qd8 {[%clk
00:22:38]} {[%emt 00:00:28]} 14. a3 {[%clk 00:14:28]} {[%emt 00:01:42]} Bxc3
{[%clk 00:22:26]} {[%emt 00:00:22]} 15. Qxc3 {[%clk 00:13:41]} {[%emt
00:00:57]} O-O {[%clk 00:22:25]} {[%emt 00:00:11]} 16. O-O {[%clk 00:12:00]}
{[%emt 00:01:52]} Bf5 {[%clk 00:21:24]} {[%emt 00:01:10]} 17. Rad1 {[%clk
00:09:23]} {[%emt 00:02:46]} Rc8 {[%clk 00:19:43]} {[%emt 00:01:52]} 18. Qf3
{[%clk 00:06:20]} {[%emt 00:03:13]} Be4 {[%clk 00:18:58]} {[%emt 00:00:55]} 19.
Qh3 {[%clk 00:02:52]} {[%emt 00:03:38]} Bxc2 {[%clk 00:18:20]} {[%emt
00:00:46]} 20. Rd2 {[%clk 00:02:05]} {[%emt 00:00:59]} Bxb3 {[%clk 00:18:03]}
{[%emt 00:00:27]} 21. Qxb3 {[%clk 00:02:14]} {[%emt 00:00:02]} Qe7 {[%clk
00:10:03]} {[%emt 00:08:09]} 22. Rxd5 {[%clk 00:01:37]} {[%emt 00:00:47]} Nd4
{[%clk 00:09:15]} {[%emt 00:00:57]} 23. Qe3 {[%clk 00:00:50]} {[%emt 00:00:57]}
Rfe8 {[%clk 00:07:56]} {[%emt 00:01:30]} 24. Bd3 {[%clk 00:00:25]} {[%emt
00:00:35]} Qe6 {[%clk 00:07:12]} {[%emt 00:00:53]} 25. Ra5 {[%clk 00:00:16]}
{[%emt 00:00:20]} b5 {[%clk 00:05:56]} {[%emt 00:01:26]} 26. Re1 {[%clk
00:00:12]} {[%emt 00:00:14]} e4 {[%clk 00:03:21]} {[%emt 00:02:45]} 0-1

[Event "ABC 2024 Utrecht, Groep A"]
[Site "Utrecht"]
[Date "2024.03.10"]
[Round "7.1"]
[White "Van Arendonk, Polle"]
[Black "Smeets, Kobe"]
[Result "0-1"]
[WhiteElo "1930"]
[BlackElo "2244"]

1. e4 {[%clk 00:53:23]} {[%emt 00:01:56]} c5 {[%clk 00:55:13]} {[%emt
00:00:07]} 2. Nf3 {[%clk 00:53:28]} {[%emt 00:00:06]} e6 {[%clk 00:55:20]}
{[%emt 00:00:03]} 3. d4 {[%clk 00:53:31]} {[%emt 00:00:06]} cxd4 {[%clk
00:55:29]} {[%emt 00:00:02]} 4. Nxd4 {[%clk 00:53:36]} {[%emt 00:00:05]} Nc6
{[%clk 00:55:34]} {[%emt 00:00:05]} 5. Nb5 {[%clk 00:53:41]} {[%emt 00:00:05]}
d6 {[%clk 00:55:39]} {[%emt 00:00:04]} 6. c4 {[%clk 00:53:48]} {[%emt
00:00:03]} Nf6 {[%clk 00:55:46]} {[%emt 00:00:04]} 7. N1c3 {[%clk 00:53:46]}
{[%emt 00:00:12]} a6 {[%clk 00:55:53]} {[%emt 00:00:03]} 8. Na3 {[%clk
00:53:51]} {[%emt 00:00:05]} Qa5 {[%clk 00:56:01]} {[%emt 00:00:02]} 9. Bd2
{[%clk 00:50:07]} {[%emt 00:03:55]} Be7 {[%clk 00:56:10]} 10. Be2 {[%clk
00:48:25]} {[%emt 00:01:51]} O-O {[%clk 00:56:12]} {[%emt 00:00:07]} 11. Nc2
{[%clk 00:45:01]} {[%emt 00:03:36]} Qd8 {[%clk 00:55:31]} {[%emt 00:00:49]} 12.
Bf4 {[%clk 00:39:37]} {[%emt 00:05:35]} Ne5 {[%clk 00:52:33]} {[%emt 00:03:06]}
13. O-O {[%clk 00:37:36]} {[%emt 00:02:12]} Qc7 {[%clk 00:52:14]} {[%emt
00:00:29]} 14. Ne3 {[%clk 00:35:36]} {[%emt 00:02:10]} Bd7 {[%clk 00:51:46]}
{[%emt 00:00:38]} 15. Rc1 {[%clk 00:31:35]} {[%emt 00:04:12]} Rac8 {[%clk
00:47:25]} {[%emt 00:04:30]} 16. Qc2 {[%clk 00:29:33]} {[%emt 00:02:13]} b6
{[%clk 00:47:04]} {[%emt 00:00:31]} 17. Qb1 {[%clk 00:22:40]} {[%emt 00:07:03]}
Qb7 {[%clk 00:47:05]} {[%emt 00:00:09]} 18. a4 {[%clk 00:22:10]} {[%emt
00:00:41]} Bc6 {[%clk 00:43:50]} {[%emt 00:03:23]} 19. Bf3 {[%clk 00:17:43]}
{[%emt 00:04:38]} Nxf3+ {[%clk 00:40:59]} {[%emt 00:03:00]} 20. gxf3 {[%clk
00:17:51]} {[%emt 00:00:02]} Nh5 {[%clk 00:38:35]} {[%emt 00:02:33]} 21. Bg3
{[%clk 00:17:21]} {[%emt 00:00:41]} g6 {[%clk 00:35:15]} {[%emt 00:03:29]} 22.
Rcd1 {[%clk 00:14:58]} {[%emt 00:02:35]} Rfd8 {[%clk 00:34:39]} {[%emt
00:00:46]} 23. Rd2 {[%clk 00:12:33]} {[%emt 00:02:35]} Nxg3 {[%clk 00:32:46]}
{[%emt 00:02:02]} 24. fxg3 {[%clk 00:11:31]} {[%emt 00:01:13]} Bf6 {[%clk
00:32:10]} {[%emt 00:00:45]} 25. Qc2 {[%clk 00:08:19]} {[%emt 00:03:24]} Qd7
{[%clk 00:29:13]} {[%emt 00:03:06]} 26. b3 {[%clk 00:06:42]} {[%emt 00:01:47]}
b5 {[%clk 00:28:56]} {[%emt 00:00:26]} 27. axb5 {[%clk 00:06:40]} {[%emt
00:00:13]} axb5 {[%clk 00:29:05]} {[%emt 00:00:02]} 28. c5 {[%clk 00:04:58]}
{[%emt 00:01:51]} Qa7 {[%clk 00:29:14]} {[%emt 00:00:01]} 29. Ne2 {[%clk
00:02:09]} {[%emt 00:02:59]} dxc5 {[%clk 00:29:03]} {[%emt 00:00:21]} 30. Ng4
{[%clk 00:01:05]} {[%emt 00:01:13]} Bg7 {[%clk 00:28:31]} {[%emt 00:00:42]} 31.
e5 {[%clk 00:00:50]} {[%emt 00:00:26]} c4+ {[%clk 00:25:22]} {[%emt 00:03:18]}
32. Kg2 {[%clk 00:00:43]} {[%emt 00:00:18]} Qa5 {[%emt 00:01:35]} 33. Rfd1
{[%clk 00:00:18]} Rxd2 {[%clk 00:23:55]} {[%emt 00:00:47]} 34. Qxd2 {[%clk
00:00:27]} {[%emt 00:00:01]} Qxd2 {[%clk 00:23:00]} {[%emt 00:01:05]} 35. Rxd2
{[%clk 00:00:36]} cxb3 {[%clk 00:22:58]} {[%emt 00:00:11]} 36. Rb2 {[%clk
00:00:18]} {[%emt 00:00:28]} Bd5 {[%clk 00:22:46]} {[%emt 00:00:22]} 37. Nd4
{[%clk 00:00:19]} {[%emt 00:00:10]} Rc3 {[%clk 00:21:56]} {[%emt 00:01:00]} 38.
Nf6+ {[%clk 00:00:13]} {[%emt 00:00:16]} Bxf6 {[%clk 00:21:56]} {[%emt
00:00:09]} 39. exf6 {[%clk 00:00:22]} {[%emt 00:00:01]} e5 {[%clk 00:20:58]}
{[%emt 00:01:08]} 40. Ne2 {[%clk 00:00:14]} {[%emt 00:00:18]} Bxf3+ {[%clk
00:18:44]} {[%emt 00:02:24]} 41. Kf2 {[%clk 00:00:23]} {[%emt 00:00:01]} Bxe2
{[%clk 00:18:39]} {[%emt 00:00:15]} 42. Kxe2 {[%clk 00:00:32]} {[%emt
00:00:01]} Rc2+ {[%clk 00:18:14]} {[%emt 00:00:35]} 43. Rxc2 {[%clk 00:00:41]}
{[%emt 00:00:02]} bxc2 {[%clk 00:18:23]} 44. Kd2 {[%clk 00:00:49]} {[%emt
00:00:02]} Kf8 {[%clk 00:18:14]} {[%emt 00:00:19]} 0-1

[Event "ABC 2024 Utrecht, Groep A"]
[Site "Utrecht"]
[Date "2024.03.10"]
[Round "7.2"]
[White "Zhu, Chenwu"]
[Black "Van Hesselingen, Guido"]
[Result "1-0"]
[WhiteElo "2042"]
[BlackElo "2023"]

1. e4 {[%clk 00:55:17]} {[%emt 00:00:02]} e5 {[%clk 00:55:15]} {[%emt
00:00:06]} 2. Nf3 {[%clk 00:55:21]} {[%emt 00:00:06]} Nc6 {[%clk 00:55:20]}
{[%emt 00:00:04]} 3. Nc3 {[%clk 00:55:21]} {[%emt 00:00:11]} Nf6 {[%clk
00:55:21]} {[%emt 00:00:08]} 4. d4 {[%clk 00:55:25]} {[%emt 00:00:06]} exd4
{[%clk 00:55:25]} {[%emt 00:00:06]} 5. Nxd4 {[%clk 00:55:31]} {[%emt 00:00:04]}
Bb4 {[%clk 00:55:21]} {[%emt 00:00:14]} 6. Nxc6 {[%clk 00:55:30]} {[%emt
00:00:11]} bxc6 {[%clk 00:55:27]} {[%emt 00:00:03]} 7. Bd3 {[%clk 00:55:35]}
{[%emt 00:00:05]} O-O {[%clk 00:54:54]} {[%emt 00:00:44]} 8. O-O {[%clk
00:55:37]} {[%emt 00:00:09]} d5 {[%clk 00:54:59]} {[%emt 00:00:05]} 9. exd5
{[%clk 00:55:42]} {[%emt 00:00:05]} cxd5 {[%clk 00:55:04]} {[%emt 00:00:05]} 10.
Bg5 {[%clk 00:55:46]} {[%emt 00:00:05]} c6 {[%clk 00:54:36]} {[%emt 00:00:39]}
11. Qf3 {[%clk 00:55:51]} {[%emt 00:00:04]} a5 {[%clk 00:49:45]} {[%emt
00:05:02]} 12. h3 {[%clk 00:53:42]} {[%emt 00:02:19]} Ba6 {[%clk 00:47:57]}
{[%emt 00:01:57]} 13. Rad1 {[%clk 00:48:02]} {[%emt 00:05:50]} Bxd3 {[%clk
00:40:47]} {[%emt 00:07:20]} 14. Rxd3 {[%clk 00:47:38]} {[%emt 00:00:34]} Re8
{[%clk 00:40:35]} {[%emt 00:00:23]} 15. Ne2 {[%clk 00:44:44]} {[%emt 00:03:03]}
Qd6 {[%clk 00:34:52]} {[%emt 00:05:53]} 16. Bxf6 {[%clk 00:39:49]} {[%emt
00:05:06]} Qxf6 {[%clk 00:34:39]} {[%emt 00:00:23]} 17. Qxf6 {[%clk 00:39:44]}
{[%emt 00:00:15]} gxf6 {[%clk 00:34:44]} {[%emt 00:00:05]} 18. Nd4 {[%clk
00:33:09]} {[%emt 00:06:45]} Rac8 {[%clk 00:31:48]} {[%emt 00:03:05]} 19. Rfd1
{[%clk 00:31:06]} {[%emt 00:02:13]} Re4 {[%clk 00:26:45]} {[%emt 00:05:13]} 20.
Kf1 {[%clk 00:28:58]} {[%emt 00:02:18]} Bc5 {[%clk 00:25:55]} {[%emt 00:01:00]}
21. c3 {[%clk 00:26:14]} {[%emt 00:02:55]} Kf8 {[%clk 00:22:22]} {[%emt
00:03:42]} 22. Re1 {[%clk 00:23:50]} {[%emt 00:02:34]} Re5 {[%clk 00:20:39]}
{[%emt 00:01:54]} 23. Rf3 {[%clk 00:21:07]} {[%emt 00:02:53]} Ke7 {[%clk
00:17:43]} {[%emt 00:03:06]} 24. Re2 {[%clk 00:16:48]} {[%emt 00:04:28]} Bxd4
{[%clk 00:14:06]} {[%emt 00:03:47]} 25. cxd4 {[%clk 00:16:56]} {[%emt
00:00:02]} Rxe2 {[%clk 00:14:02]} {[%emt 00:00:14]} 26. Kxe2 {[%clk 00:17:01]}
{[%emt 00:00:05]} Rb8 {[%clk 00:14:09]} {[%emt 00:00:03]} 27. b3 {[%clk
00:16:41]} {[%emt 00:00:30]} Rb4 {[%clk 00:13:37]} {[%emt 00:00:43]} 28. Kd3
{[%clk 00:16:16]} {[%emt 00:00:35]} Rb8 {[%clk 00:10:16]} {[%emt 00:03:32]} 29.
Kc3 {[%clk 00:15:34]} {[%emt 00:00:51]} Rg8 {[%clk 00:09:43]} {[%emt 00:00:42]}
30. Rg3 {[%clk 00:14:21]} {[%emt 00:01:23]} Rb8 {[%clk 00:05:57]} {[%emt
00:03:56]} 31. Rg4 {[%clk 00:13:56]} {[%emt 00:00:35]} h6 {[%clk 00:05:45]}
{[%emt 00:00:23]} 32. Rg7 {[%clk 00:13:23]} {[%emt 00:00:42]} f5 {[%clk
00:05:35]} {[%emt 00:00:21]} 33. Rh7 {[%clk 00:12:20]} {[%emt 00:01:13]} Rg8
{[%clk 00:05:38]} {[%emt 00:00:06]} 34. g3 {[%clk 00:12:09]} {[%emt 00:00:21]}
Rg6 {[%clk 00:05:31]} {[%emt 00:00:17]} 35. Rh8 {[%clk 00:11:37]} {[%emt
00:00:43]} f4 {[%clk 00:04:56]} {[%emt 00:00:45]} 36. gxf4 {[%clk 00:10:11]}
{[%emt 00:01:36]} Rf6 {[%clk 00:04:40]} {[%emt 00:00:26]} 37. a4 {[%clk
00:09:34]} {[%emt 00:00:47]} Kd7 {[%clk 00:03:30]} {[%emt 00:01:20]} 38. Ra8
{[%clk 00:07:54]} {[%emt 00:01:50]} Rxf4 {[%clk 00:03:38]} {[%emt 00:00:02]} 39.
Rxa5 {[%clk 00:07:57]} {[%emt 00:00:07]} Rxf2 {[%clk 00:03:10]} {[%emt
00:00:38]} 40. Ra7+ {[%clk 00:07:39]} {[%emt 00:00:27]} Kd6 {[%clk 00:02:58]}
{[%emt 00:00:23]} 41. a5 {[%clk 00:07:36]} {[%emt 00:00:13]} f5 {[%clk
00:02:30]} {[%emt 00:00:38]} 42. Rf7 {[%clk 00:06:34]} {[%emt 00:01:12]} Ke6
{[%clk 00:01:55]} {[%emt 00:00:45]} 43. Rg7 {[%clk 00:05:22]} {[%emt 00:01:22]}
f4 {[%clk 00:00:46]} {[%emt 00:01:20]} 44. Rg6+ {[%clk 00:03:53]} {[%emt
00:01:38]} Kf5 {[%clk 00:00:45]} {[%emt 00:00:10]} 45. Rxh6 {[%clk 00:03:32]}
{[%emt 00:00:32]} Ra2 {[%clk 00:00:46]} {[%emt 00:00:09]} 46. Rxc6 {[%clk
00:02:50]} {[%emt 00:00:52]} Rxa5 {[%clk 00:00:25]} {[%emt 00:00:32]} 47. Rc5
{[%clk 00:02:36]} {[%emt 00:00:23]} Ra1 {[%clk 00:00:23]} {[%emt 00:00:13]} 48.
Rxd5+ {[%clk 00:02:43]} {[%emt 00:00:02]} Ke4 {[%clk 00:00:31]} {[%emt
00:00:02]} 49. Re5+ {[%clk 00:02:52]} {[%emt 00:00:01]} Kf3 {[%clk 00:00:39]}
{[%emt 00:00:03]} 50. d5 {[%clk 00:02:19]} {[%emt 00:00:42]} Kg2 {[%clk
00:00:38]} {[%emt 00:00:11]} 51. Rg5+ {[%clk 00:01:53]} {[%emt 00:00:37]} Kxh3
{[%clk 00:00:39]} {[%emt 00:00:08]} 52. Kd4 {[%clk 00:01:52]} {[%emt 00:00:10]}
f3 {[%clk 00:00:36]} {[%emt 00:00:14]} 53. Ke3 {[%clk 00:01:43]} {[%emt
00:00:18]} Ra3 {[%clk 00:00:33]} {[%emt 00:00:14]} 54. Kxf3 {[%clk 00:01:46]}
{[%emt 00:00:06]} Rxb3+ {[%clk 00:00:42]} {[%emt 00:00:01]} 55. Ke4 {[%clk
00:01:54]} {[%emt 00:00:02]} Kh4 {[%clk 00:00:37]} {[%emt 00:00:15]} 56. Rg8
{[%clk 00:02:02]} {[%emt 00:00:02]} Kh5 {[%clk 00:00:27]} {[%emt 00:00:21]} 57.
Ke5 {[%clk 00:02:06]} {[%emt 00:00:06]} Re3+ {[%clk 00:00:32]} {[%emt
00:00:05]} 58. Kd6 {[%clk 00:02:15]} {[%emt 00:00:01]} Kh6 {[%clk 00:00:38]}
{[%emt 00:00:04]} 59. Rg1 {[%clk 00:02:22]} {[%emt 00:00:03]} Ra3 {[%clk
00:00:25]} {[%emt 00:00:23]} 60. Ke6 {[%clk 00:02:27]} {[%emt 00:00:04]} Re3+
{[%clk 00:00:30]} {[%emt 00:00:06]} 61. Kd7 {[%clk 00:02:36]} {[%emt 00:00:01]}
Rd3 {[%clk 00:00:34]} {[%emt 00:00:06]} 62. d6 {[%clk 00:02:45]} Kh7 {[%clk
00:00:39]} {[%emt 00:00:05]} 63. Ke7 {[%clk 00:02:54]} {[%emt 00:00:01]} Re3+
{[%clk 00:00:47]} {[%emt 00:00:02]} 64. Kd8 {[%clk 00:03:03]} Rd3 {[%clk
00:00:52]} {[%emt 00:00:05]} 65. d7 {[%clk 00:03:12]} {[%emt 00:00:01]} Kh8
{[%clk 00:00:56]} {[%emt 00:00:06]} 66. Rc1 {[%clk 00:03:09]} {[%emt 00:00:09]}
Re3 {[%clk 00:00:41]} {[%emt 00:00:29]} 67. Kc8 {[%clk 00:03:17]} {[%emt
00:00:02]} 1-0

[Event "ABC 2024 Utrecht, Groep A"]
[Site "Utrecht"]
[Date "2024.03.10"]
[Round "7.3"]
[White "Blom, Rens"]
[Black "Madularea, David"]
[Result "0-1"]
[WhiteElo "1921"]
[BlackElo "2035"]

1. c4 {[%clk 00:55:17]} {[%emt 00:00:03]} g6 {[%clk 00:55:10]} {[%emt
00:00:11]} 2. Nc3 {[%clk 00:55:20]} {[%emt 00:00:08]} Bg7 {[%clk 00:55:15]}
{[%emt 00:00:04]} 3. d4 {[%clk 00:54:49]} {[%emt 00:00:41]} Nf6 {[%clk
00:55:20]} {[%emt 00:00:05]} 4. e4 {[%clk 00:54:54]} {[%emt 00:00:06]} d6
{[%clk 00:55:27]} {[%emt 00:00:02]} 5. Nf3 {[%clk 00:55:00]} {[%emt 00:00:04]}
O-O {[%clk 00:55:32]} {[%emt 00:00:05]} 6. Be2 {[%clk 00:55:07]} {[%emt
00:00:03]} e5 {[%clk 00:55:38]} {[%emt 00:00:03]} 7. O-O {[%clk 00:55:12]}
{[%emt 00:00:06]} exd4 {[%clk 00:55:27]} {[%emt 00:00:21]} 8. Nxd4 {[%clk
00:55:15]} {[%emt 00:00:07]} Re8 {[%clk 00:55:34]} {[%emt 00:00:02]} 9. f3
{[%clk 00:55:16]} {[%emt 00:00:10]} c6 {[%clk 00:55:41]} {[%emt 00:00:03]} 10.
Nc2 {[%clk 00:47:49]} {[%emt 00:07:37]} Na6 {[%clk 00:55:45]} {[%emt 00:00:06]}
11. Bg5 {[%clk 00:45:05]} {[%emt 00:02:54]} Qb6+ {[%clk 00:50:12]} {[%emt
00:05:42]} 12. Be3 {[%clk 00:36:00]} {[%emt 00:09:15]} Qxb2 {[%clk 00:47:58]}
13. Bd4 {[%clk 00:34:41]} {[%emt 00:03:54]} Nb4 {[%clk 00:44:50]} {[%emt
00:03:17]} 14. Nxb4 {[%clk 00:31:40]} {[%emt 00:03:11]} Qxb4 {[%clk 00:44:54]}
{[%emt 00:00:06]} 15. Rb1 {[%clk 00:30:28]} {[%emt 00:01:23]} Qa5 {[%clk
00:44:37]} {[%emt 00:00:27]} 16. Qd2 {[%clk 00:29:34]} {[%emt 00:01:03]} b6
{[%clk 00:35:05]} {[%emt 00:09:43]} 17. Rfd1 {[%clk 00:27:34]} {[%emt
00:02:11]} Ba6 {[%clk 00:31:07]} {[%emt 00:04:07]} 18. Bf1 {[%clk 00:21:42]}
{[%emt 00:06:02]} Rad8 {[%clk 00:30:59]} {[%emt 00:00:18]} 19. Qb2 {[%clk
00:20:20]} {[%emt 00:01:32]} Nh5 {[%clk 00:26:58]} {[%emt 00:04:11]} 20. Kh1
{[%clk 00:14:35]} {[%emt 00:05:55]} Bxd4 {[%clk 00:24:10]} {[%emt 00:02:59]} 21.
Rxd4 {[%clk 00:14:38]} {[%emt 00:00:06]} Qe5 {[%clk 00:23:26]} {[%emt
00:00:53]} 22. Rbd1 {[%clk 00:12:38]} {[%emt 00:02:11]} Qc5 {[%clk 00:16:16]}
{[%emt 00:07:20]} 23. g3 {[%clk 00:09:44]} {[%emt 00:03:03]} Ng7 {[%clk
00:14:43]} {[%emt 00:01:43]} 24. Na4 {[%clk 00:08:48]} {[%emt 00:01:08]} Qe5
{[%clk 00:11:49]} {[%emt 00:03:03]} 25. Qa3 {[%clk 00:08:07]} {[%emt 00:00:51]}
c5 {[%clk 00:08:23]} {[%emt 00:03:36]} 26. Rd5 {[%clk 00:07:59]} {[%emt
00:00:19]} Qf6 {[%clk 00:08:29]} {[%emt 00:00:03]} 27. Nxc5 {[%clk 00:05:18]}
{[%emt 00:02:51]} Bxc4 {[%clk 00:04:42]} {[%emt 00:03:58]} 28. Bxc4 {[%clk
00:04:51]} {[%emt 00:00:36]} bxc5 {[%clk 00:04:46]} {[%emt 00:00:05]} 29. Kg2
{[%clk 00:04:31]} {[%emt 00:00:31]} Qe7 {[%clk 00:03:28]} {[%emt 00:01:28]} 30.
Qd3 {[%clk 00:03:53]} {[%emt 00:00:48]} Ne6 {[%clk 00:03:34]} {[%emt 00:00:04]}
31. Rxd6 {[%clk 00:03:49]} {[%emt 00:00:15]} Nd4 {[%clk 00:03:43]} 32. Ra6
{[%clk 00:03:40]} {[%emt 00:00:19]} Nf5 {[%clk 00:03:30]} {[%emt 00:00:23]} 33.
Bxf7+ {[%clk 00:02:58]} {[%emt 00:00:52]} Kxf7 {[%clk 00:02:22]} {[%emt
00:01:18]} 34. Qb3+ {[%clk 00:02:58]} {[%emt 00:00:10]} c4 {[%clk 00:02:09]}
{[%emt 00:00:23]} 35. Qxc4+ {[%clk 00:02:58]} {[%emt 00:00:11]} Kf8 {[%clk
00:02:18]} 36. Re1 {[%clk 00:01:25]} {[%emt 00:01:43]} Nd4 {[%emt 00:01:24]} 37.
Qa4 {[%clk 00:01:00]} Rd7 {[%clk 00:01:28]} {[%emt 00:00:21]} 38. Rd1 {[%clk
00:00:56]} {[%emt 00:00:15]} Red8 {[%clk 00:01:17]} {[%emt 00:00:20]} 39. Qc4
{[%clk 00:00:17]} {[%emt 00:00:48]} Qf7 {[%clk 00:01:10]} {[%emt 00:00:17]} 40.
Qc5+ {[%clk 00:00:24]} {[%emt 00:00:04]} Kg8 {[%clk 00:01:16]} {[%emt
00:00:04]} 41. f4 {[%clk 00:00:21]} {[%emt 00:00:13]} Rc7 {[%clk 00:00:40]}
{[%emt 00:00:47]} 42. Qa3 {[%clk 00:00:14]} {[%emt 00:00:17]} Rc2+ {[%clk
00:00:43]} {[%emt 00:00:06]} 43. Kh3 {[%clk 00:00:20]} {[%emt 00:00:05]} Qd7+
{[%clk 00:00:33]} {[%emt 00:00:19]} 44. g4 {[%clk 00:00:23]} {[%emt 00:00:06]}
Qc7 {[%clk 00:00:18]} {[%emt 00:00:26]} 45. Rxa7 {[%clk 00:00:27]} {[%emt
00:00:06]} Qxf4 {[%clk 00:00:16]} {[%emt 00:00:12]} 46. Qg3 {[%clk 00:00:15]}
{[%emt 00:00:23]} Qh6+ {[%clk 00:00:24]} {[%emt 00:00:01]} 47. Qh4 {[%clk
00:00:23]} {[%emt 00:00:02]} Rxh2+ {[%clk 00:00:33]} 0-1

[Event "ABC 2024 Utrecht, Groep A"]
[Site "Utrecht"]
[Date "2024.03.10"]
[Round "7.4"]
[White "Khatniuk, Anastasiia"]
[Black "Imanol, Leorato"]
[Result "0-1"]
[WhiteElo "1980"]
[BlackElo "1892"]

1. e4 {[%clk 00:55:18]} {[%emt 00:00:01]} c5 {[%clk 00:55:04]} {[%emt
00:00:16]} 2. Nf3 {[%clk 00:55:22]} {[%emt 00:00:06]} Nc6 {[%clk 00:54:50]}
{[%emt 00:00:25]} 3. d4 {[%clk 00:55:26]} {[%emt 00:00:06]} cxd4 {[%clk
00:54:53]} {[%emt 00:00:07]} 4. Nxd4 {[%clk 00:55:33]} {[%emt 00:00:03]} e5
{[%clk 00:54:55]} {[%emt 00:00:07]} 5. Nb5 {[%clk 00:55:39]} {[%emt 00:00:04]}
d6 {[%clk 00:54:51]} {[%emt 00:00:15]} 6. N1c3 {[%clk 00:55:39]} {[%emt
00:00:09]} a6 {[%clk 00:54:56]} {[%emt 00:00:06]} 7. Na3 {[%clk 00:55:45]}
{[%emt 00:00:04]} Be7 {[%clk 00:54:56]} {[%emt 00:00:09]} 8. Be2 {[%clk
00:52:40]} {[%emt 00:03:15]} Be6 {[%clk 00:53:18]} {[%emt 00:01:49]} 9. O-O
{[%clk 00:51:11]} {[%emt 00:01:38]} Nf6 {[%clk 00:53:11]} {[%emt 00:00:17]} 10.
Bg5 {[%clk 00:47:26]} {[%emt 00:03:56]} O-O {[%clk 00:51:03]} {[%emt 00:02:18]}
11. Bxf6 {[%clk 00:47:06]} {[%emt 00:00:29]} Bxf6 {[%clk 00:50:47]} {[%emt
00:00:26]} 12. Nc4 {[%clk 00:46:44]} {[%emt 00:00:33]} Be7 {[%clk 00:46:27]}
{[%emt 00:04:30]} 13. Ne3 {[%clk 00:43:40]} {[%emt 00:03:13]} b5 {[%clk
00:45:13]} {[%emt 00:01:24]} 14. Ncd5 {[%clk 00:41:02]} {[%emt 00:02:48]} Bg5
{[%clk 00:43:40]} {[%emt 00:01:44]} 15. c3 {[%clk 00:40:48]} {[%emt 00:00:24]}
Bxe3 {[%clk 00:42:23]} {[%emt 00:01:27]} 16. Nxe3 {[%clk 00:40:52]} {[%emt
00:00:06]} Ne7 {[%clk 00:42:12]} {[%emt 00:00:21]} 17. a4 {[%clk 00:40:22]}
{[%emt 00:00:39]} Rb8 {[%clk 00:41:49]} {[%emt 00:00:33]} 18. axb5 {[%clk
00:37:16]} {[%emt 00:03:17]} axb5 {[%clk 00:41:34]} {[%emt 00:00:25]} 19. Nd5
{[%clk 00:33:27]} {[%emt 00:03:58]} Bxd5 {[%clk 00:40:59]} {[%emt 00:00:46]} 20.
exd5 {[%clk 00:33:32]} {[%emt 00:00:05]} f5 {[%clk 00:39:51]} {[%emt 00:01:18]}
21. Ra7 {[%clk 00:31:34]} {[%emt 00:02:08]} Ng6 {[%clk 00:37:38]} {[%emt
00:02:23]} 22. Bf3 {[%clk 00:24:31]} {[%emt 00:07:13]} e4 {[%clk 00:30:11]}
{[%emt 00:07:37]} 23. Be2 {[%clk 00:22:20]} {[%emt 00:02:21]} Qg5 {[%clk
00:28:08]} {[%emt 00:02:13]} 24. Kh1 {[%clk 00:20:49]} {[%emt 00:01:40]} f4
{[%clk 00:22:31]} {[%emt 00:05:48]} 25. Bg4 {[%clk 00:16:23]} {[%emt 00:04:34]}
Ne5 {[%clk 00:22:00]} {[%emt 00:00:42]} 26. Be6+ {[%clk 00:15:42]} {[%emt
00:00:51]} Kh8 {[%clk 00:22:01]} {[%emt 00:00:09]} 27. Qe2 {[%clk 00:13:57]}
{[%emt 00:01:55]} f3 {[%clk 00:21:19]} {[%emt 00:00:52]} 0-1